| 000 | 00869cab a2200289 4500 | ||
|---|---|---|---|
| 001 | ABS58966 | ||
| 008 | 090401t1998 xxu||||| |||| 00| 0 eng d | ||
| 035 | _a(Sirsi) u87068 | ||
| 041 | _aeng | ||
| 245 | _aOrdnance survey sets a new standard | ||
| 260 | _c1998 | ||
| 350 | _a0 | ||
| 490 |
_aHighways & Transportation _v45(06) June 1998, 21-22(2) |
||
| 520 | _aReviews the development of geospatial datasets for use in geographical information systems in the transport and highways market. | ||
| 650 | _aGENERAL LIGHTHOUSE AUTHORITIES | ||
| 650 | _aGIS | ||
| 650 | _aGEOSPATIAL DATASETS | ||
| 650 | _aGLOBAL POSITIONING SYSTEMS | ||
| 650 | _aHIGHWAYS | ||
| 650 | _aNATIONAL GRID | ||
| 650 | _aORDNANCE SURVEY | ||
| 650 | _aTRANSPORT | ||
| 650 | _aVEHICLE MANAGEMENT | ||
| 690 | _aTRANSPORT AND COMMUNICATION | ||
| 942 | _n0 | ||
| 948 | _c29/06/1998 | ||
| 999 |
_c54864 _d54864 |
||